01146nam a22002177a 450000500170000000800410001704000290005804100080008708200140009510000290010924200450013824500350018326001150021830000310033350003400036450501210070450600210082554600230084665000210086965000380089020190304112604.0140429s1925 fr ||||fr|||| 001 j fre d cSandra YazodSandra Yazo0 afre042843.3a201 aBourget, Pauld1852-193500aConflictos íntimoscPablo Bourgetyspa10aConflits intimescPaul Bourget aParís (Francia)bLibrairie Plon ; Plon-Nourrit et Cie. [Librería Plon ; Plon-Nourrit y Compañía]c1925 a300 páginasc12 x 18 cm. aDetalles físicos: Encuadernación rígida (holandesa) en cartón forrado en papel jaspeado. Lomo de tela texturizada con adornos en dorado. Guardas. Hojas de cortesía. Anteportada. Portada impresa en una sola tinta con grabado con marca tipográfica del editor-impresor. Texto impreso en una sola columna. papel con oxidación0 aEl capitel románico ; Un buen papel ; El conductor ; Gesto filial ; El plazo ; El ejemplo ; El convento abandonado aConsulta en sala aTexto en francés 7aNovela francesa  7aRelatos francesesySiglo XIX - XX